000 00392nam a2200145Ia 4500
008 100122s9999 xx 000 0 und d
082 _b706
_a823
100 _aभिडे भि गो
245 _aमायावती
260 _bप्रकाशक शोधणे
_c1924
300 _a50
630 _aमायावती
730 _aमायावती
942 _cBOOK
999 _c395875
_d395872